Sudden Death-Greek and Roman Deities - Statistics

General Stats
  • This quiz has been taken 177 times
  • The average score is 7 of 11
Answers on the Grid
Answers color-coded by a green-red scale on the quiz's grid according to % correct below.
Zeus-Jupiter
Uranus-Coelus
Hermes-Vius
Dionysus-Bacchus
Persephone-Juno
Divilos-Pluto
Poseidon-Neptune
Ares-Mars
Eris-Sardinia
Athena-Minerva
Artemis-Diana
Cronus-Saturn
Giga-Terra
Hera-Luna
Demeter-Ceres
Aphrodite-Venus
Tantalus-Pan
Colpatra-Cloaca
Londio-Londus
Apollo-Apollo
 
Answer Stats
Answer % Correct
Zeus-Jupiter
93%
Poseidon-Neptune
74%
Ares-Mars
72%
Aphrodite-Venus
70%
Dionysus-Bacchus
68%
Apollo-Apollo
67%
Athena-Minerva
63%
Artemis-Diana
61%
Demeter-Ceres
52%
Cronus-Saturn
50%
Uranus-Coelus
24%
No matching quizzes found
Score Distribution
Percent of People with Each Score
Percentile by Number Answered
Your Score History
You have not taken this quiz